Songs Named For People - Statistics

General Stats
  • This quiz has been taken 94 times
  • The average score is 12 of 15
Answer Stats
Artist Song Famous Person Hint % Correct
Maroon 5 Moves Like {Jagger} Lead singer of The Rolling Stones
95%
Dire Straits Calling {Elvis} The King of Rock and Roll; Graceland resident
90%
Depeche Mode Personal {Jesus} Central figure of Christianity
89%
Don McLean {Vincent} Dutch painter of Sunflowers and The Starry Night
85%
Gorillaz {Clint} {Eastwood} Dirty Harry actor and former Carmel mayor
83%
Orchestral Manoeuvres in the Dark {Joan} {of} {Arc} French teenage heroine of the Hundred Years War
80%
Chuck Berry Roll Over {Beethoven} German composer who increasingly grew deaf
80%
Weezer {Buddy} {Holly} "The Day The Music Died" victim of 1959
79%
Charlie Puth ft. Meghan Trainor {Marvin} {Gaye} Prince of Motown and singer of Sexual Healing
79%
Boney M {Rasputin} Faith healer and "lover of the Russian Queen"
78%
Eminem {Houdini} Hungarian-born American escapologist
76%
Kim Carnes {Bette} {Davis} Eyes American actress known for All About Eve and Jezebel
75%
MIKA {Grace} {Kelly} Late American actress and Princess of Monaco
70%
Bananarama {Robert} {De} {Niro}'s Waiting... Actor starring in Raging Bull, Goodfellas and Taxi Driver
70%
Van Morrison / Dexy's Midnight Runners {Jackie} {Wilson} Said "Reet Petite" and "Higher and Higher" soul singer
23%
No matching quizzes found
Score Distribution
Percent of People with Each Score
Percentile by Number Answered
Your Score History
You have not taken this quiz